Štúdium tandemovej cyklizácie v syntéze prírodnej látky opaliferínu
Na minha lista:
| Autor principal: | |
|---|---|
| Outros Autores: | |
| Formato: | Manuscrito Livro |
| Idioma: | eslovaco |
| Publicado em: |
2024
|
| Assuntos: | |
| Acesso em linha: | http://is.stuba.sk/zp/portal_zp.pl?podrobnosti=176571 |
| Tags: |
Sem tags, seja o primeiro a adicionar uma tag!
|
MARC
| LEADER | 00000ntm a22000003a 4500 | ||
|---|---|---|---|
| 001 | stuzp99104 | ||
| 003 | SK-STU | ||
| 005 | 20240601210450.7 | ||
| 007 | ta | ||
| 008 | 150427s2015----xo-----f-mn---000-0-slo-d | ||
| 040 | |a STU |b slo | ||
| 041 | 0 | |a slo | |
| 100 | 1 | |a Čerešňáková, Natália |u 048140 |4 aut |U FCHPT Ústav organickej chémie, katalýzy a petrochémie |T FCHPT Oddelenie organickej chémie |X 97480 |U C8140 |Y 124 |7 97480 | |
| 242 | 0 | 1 | |a Tandem cyclization study in the synthesis of the natural compound opaliferin |y eng |
| 245 | 1 | 0 | |a Štúdium tandemovej cyklizácie v syntéze prírodnej látky opaliferínu |
| 260 | |c 2024 | ||
| 650 | 4 | |a Opaliferín |2 slo | |
| 650 | 4 | |a asymetrická alylová substitúcia |2 slo | |
| 650 | 4 | |a alylový a alkínolový partner |2 slo | |
| 650 | 4 | |a Pd(II)-katalyzovaná tandemová oxykarbonylácia |2 slo | |
| 650 | 4 | |a Opaliferin |2 eng | |
| 650 | 4 | |a allylic and alkynyl partner |2 eng | |
| 650 | 4 | |a asymmetric allylic substitution |2 eng | |
| 650 | 4 | |a Pd(II)- catalyzed tandem oxycarbonylation |2 eng | |
| 700 | 1 | |a Koóš, Peter |u 048140 |k Z1 |4 ths |U FCHPT Ústav organickej chémie, katalýzy a petrochémie |T FCHPT Oddelenie organickej chémie |X 42566 |U C8140 |Y 124 |7 A000042566 | |
| 856 | 4 | |u http://is.stuba.sk/zp/portal_zp.pl?podrobnosti=176571 | |